CAMBRIDGE GLOBAL ENGLISH (Record no. 5480)
[ view plain ]
| 000 -LEADER | |
|---|---|
| fixed length control field | 00375nam a22001217a 4500 |
| 008 - FIXED-LENGTH DATA ELEMENTS--GENERAL INFORMATION | |
| fixed length control field | 250924b ||||| |||| 00| 0 eng d |
| 020 ## - INTERNATIONAL STANDARD BOOK NUMBER | |
| International Standard Book Number | 9781108963640 |
| 082 ## - DEWEY DECIMAL CLASSIFICATION NUMBER | |
| Classification number | 370 SCH |
| 100 ## - MAIN ENTRY--PERSONAL NAME | |
| Personal name | SCHOTTMAN,ELLY |
| Relator term | AUTHOR |
| Language of a work | ENGLISH |
| 245 ## - TITLE STATEMENT | |
| Title | CAMBRIDGE GLOBAL ENGLISH |
| 260 ## - PUBLICATION, DISTRIBUTION, ETC. | |
| Place of publication, distribution, etc. | Shaftesbury Road,Cambridge CB2 8EA,UNITED KINGDOM |
| Name of publisher, distributor, etc. | Cambridge University Press |
| Date of publication, distribution, etc. | April 2021 |
| 942 ## - ADDED ENTRY ELEMENTS (KOHA) | |
| Source of classification or shelving scheme | |
| Withdrawn status | Lost status | Source of classification or shelving scheme | Materials specified (bound volume or other part) | Damaged status | Not for loan | Collection code | Permanent Location | Current Location | Shelving location | Date acquired | Full call number | Barcode | Date last seen | Price effective from | Koha item type | Public note |
|---|---|---|---|---|---|---|---|---|---|---|---|---|---|---|---|---|
| Second Edition | Teaching Resources | KH8 Primary School Library | KH8 Primary School Library | Reference | 2025-09-24 | 370 SCH | KHPL000008094 | 2025-09-24 | 2025-09-24 | Teaching Resources | EAL Primary | |||||
| Second Edition | Teaching Resources | KH8 Primary School Library | KH8 Primary School Library | Reference | 2025-09-24 | 370 SCH | KHPL000008095 | 2025-09-24 | 2025-09-24 | Teaching Resources | EAL Primary |